Allgemeine Betriebswirtschaftslehre Handbuch für Studium und Prüfung

Gespeichert in:
Bibliographische Detailangaben
Weitere Verfasser: Jacob, Herbert
Format: Buch
Sprache:Deutsch
Veröffentlicht: Wiesbaden Gabler 1990
Ausgabe:5. überarb. Aufl.
Schlagworte:
Tags: Tag hinzufügen
Keine Tags, Fügen Sie das erste Tag hinzu!

MARC

LEADER 00000nam a2200000 4500
001 c000005
005 20221215125216.5
020 |a 3-409-32734-7 
041 0 |a ger 
044 |a DE 
245 1 0 |a Allgemeine Betriebswirtschaftslehre  |b Handbuch für Studium und Prüfung  |c Edit. Herbert Jacob 
250 |a 5. überarb. Aufl. 
264 1 |a Wiesbaden  |b Gabler  |c 1990 
300 |a 1277 s. 
610 2 0 |a podnik 
610 2 0 |a politika podniková 
610 2 0 |a riadenie podnikové 
610 2 0 |a rentabilita podniku 
610 2 0 |a produktivita práce 
610 2 0 |a výskum 
610 2 0 |a metodológia 
610 2 0 |a normy právne 
610 2 0 |a právo hospodárske 
610 2 0 |a financie podnikové 
610 2 0 |a bilancie 
610 2 0 |a účtovníctvo 
610 2 0 |a politika personálna 
610 2 0 |a pracovníci riadiaci 
700 1 |a Jacob, Herbert